000 00357nam a2200133 i 4500
001 bg
100 1 _aPODHORECKI, A.
245 0 _aMetoda elementów czasoprzestrzennych w geometrycznie nieliniowej teorii... /
_cA. Podhorecki.
260 _aBydgoszcz,
_c1991.
040 _cBPK
041 _apol
942 _cKS
008 s pl f |000 0 pol
999 _c29441
_d29441
856 _uhttp://koha.tu.koszalin.pl/cgi-bin/koha/opac-detail.pl?biblionumber=29441
_yKatalog online BPK